Sistemas cooperativos de comercialización de lanas.

Guardado en:
Autores Corporativos: Federación de Cooperativas Laneras., Jornadas Cooperativas de Lanas
Formato: Libro
Idioma:Spanish
Publicado: Buenos Aires : FECOLAN, 1989.
Etiquetas: Agregar Etiqueta
Sin Etiquetas, Sea el primero en etiquetar este registro!
LEADER 00654nam a22001695a 4500
001 EEA.libagro004351
005 20181128115245.0
008 130809s1989####ag#a##########000#0#spa#d
020 |a 950995750X 
082 0 4 |a 636.314 
110 2 |a Federación de Cooperativas Laneras. 
245 1 0 |a Sistemas cooperativos de comercialización de lanas. 
260 |a Buenos Aires :  |b FECOLAN,  |c 1989. 
300 |a 277 p. :  |b il. ;  |c 22 cm. 
500 |a Trabajos presentados en las Quintas Jornadas Cooperativas de Lanas. 
711 2 |a Jornadas Cooperativas de Lanas  |n (5 :  |d 20 al 22 de octubre de 1989 :  |c Trelew, Argentina) 
859 |a AR-BbBCA  |b BIB. AGRONOMIA  |h 636.314  |i F291  |p 1990/1594